Score 0/26 Timer 03:00
3 Plays Today
Hint Answer % Correct
Joan of ____ - French heroineArc
99.3%
____ Boleyn - Queen of EnglandAnne
94.9%
____ Farm - Orwell novelAnimal
94.7%
Wolfgang ____ Mozart - composerAmadeus
91%
____ the Great - king of MacedoniaAlexander
90.6%
Marie ____ - Queen of FranceAntoinette
89.5%
____ Karenina - Tolstoy novelAnna
88%
____ Christie - mystery authorAgatha
87.8%
____ the HunAttila
83.2%
Jane ____ - 19th century authorAusten
76.1%
____ Chekhov - Russian authorAnton
76%
Hannibal crossing the ____ - 218 BCEAlps
72%
____ Vespucci - explorerAmerigo
67%
Hint Answer % Correct
Marcus ____ - Roman EmperorAurelius
63.2%
____ Dumas - 19th century authorAlexandre
60.4%
____ the Great - king of WessexAlfred
47.7%
Titus ____ - Shakespeare playAndronicus
46.8%
Thomas ____ - medieval theologianAquinas
43.9%
The ____ Way - Ancient Roman roadAppian
40.6%
Gustavus ____ - king of SwedenAdolphus
35.9%
Tintern ____ - Setting of Wordsworth poemAbbey
33.7%
Battle of ____ - 1415Agincourt
30.9%
War of the ____ Succession - 1740–1748Austrian
27.7%
Triple ____ - 1882Alliance
25.4%
Scipio ____ - Roman generalAfricanus
23.3%
Battle of ____ - 31 BCEActium
11.9%

Today's Daily Dose

Remove Ads.
Support Sporcle.
Get the best of Sporcle when you Go Orange. This ad-free experience offers more features, more stats, and more fun while also helping to support Sporcle. Thank you for becoming a member.

You're not logged in!

Compare scores with friends on all Sporcle quizzes.
OR
Log In

Show Comments

Extras

Top Quizzes Today


Score Distribution

Your Account Isn't Verified!

In order to create a playlist on Sporcle, you need to verify the email address you used during registration. Go to your Sporcle Settings to finish the process.

Report this User

Report this user for behavior that violates our Community Guidelines.

Details: